2026 MLB Baseball Opening Day Lineups - Statistics

General Stats
  • This quiz has been taken 255 times
  • The average score is 157 of 300
Answer Stats
MLB Team Position Player Name % Correct
New York Yankees RF Aaron Judge
86%
Houston Astros RF Cam Smith
86%
Texas Rangers 2B Josh Smith
86%
Arizona Diamondbacks 2B Ketel Marte
86%
Chicago White Sox CF Luisangel Acuña
86%
Arizona Diamondbacks DH Pavin Smith
86%
Atlanta Braves RF Ronald Acuña Jr.
86%
Chicago White Sox SP Shane Smith
86%
Kansas City Royals RF Starling Marte
86%
Los Angeles Dodgers C Will Smith
86%
Cincinnati Reds RF Noelvi Marte
85%
Los Angeles Dodgers DH Shohei Ohtani
84%
Kansas City Royals SS Bobby Witt Jr.
83%
Seattle Mariners C Cal Raleigh
83%
Los Angeles Dodgers 1B Freddie Freeman
83%
Kansas City Royals C Salvador Perez
83%
Houston Astros DH Yordan Alvarez
83%
Cincinnati Reds SS Elly De La Cruz
82%
Philadelphia Phillies RF Adolis García
81%
Philadelphia Phillies 1B Bryce Harper
81%
New York Mets LF Juan Soto
81%
Kansas City Royals 3B Maikel Garcia
81%
Athletics 1B Nick Kurtz
81%
Pittsburgh Pirates SP Paul Skenes
81%
Arizona Diamondbacks SP Zac Gallen
81%
New York Mets C Francisco Alvarez
80%
New York Mets SS Francisco Lindor
80%
New York Yankees SP Max Fried
80%
Los Angeles Dodgers SS Mookie Betts
80%
Pittsburgh Pirates RF Ryan O’Hearn
80%
New York Mets 3B Bo Bichette
79%
Toronto Blue Jays 1B Vladimir Guerrero Jr.
79%
Miami Marlins C Agustín Ramirez
78%
Cleveland Guardians C Bo Naylor
78%
Arizona Diamondbacks RF Corbin Carroll
78%
Cleveland Guardians 3B José Ramírez
78%
Minnesota Twins DH Josh Bell
78%
Seattle Mariners 1B Josh Naylor
78%
Seattle Mariners CF Julio Rodríguez
78%
Atlanta Braves 1B Matt Olson
78%
Los Angeles Angels CF Mike Trout
78%
New York Yankees 2B Jazz Chisholm Jr.
77%
Philadelphia Phillies SS Trea Turner
77%
Los Angeles Dodgers SP Yoshinobu Yamamoto
77%
Atlanta Braves 3B Austin Riley
76%
Atlanta Braves 2B Ozzie Albies
76%
New York Yankees C Austin Wells
75%
Atlanta Braves SP Chris Sale
75%
Houston Astros 1B Christian Walker
75%
Arizona Diamondbacks SS Geraldo Perdomo
75%
Athletics SS Jacob Wilson
75%
St. Louis Cardinals RF Jordan Walker
75%
Athletics | Los Angeles Dodgers 3B Max Muncy
75%
Baltimore Orioles 1B Pete Alonso
75%
Detroit Tigers SP Tarik Skubal
75%
Boston Red Sox 1B Willson Contreras
75%
Baltimore Orioles SS Gunnar Henderson
74%
Miami Marlins LF Heriberto Hernández
74%
Philadelphia Phillies C J.T. Realmuto
74%
Los Angeles Dodgers LF Teoscar Hernández
74%
New York Yankees 1B Ben Rice
73%
New York Yankees LF Cody Bellinger
73%
New York Mets SP Freddy Peralta
73%
New York Yankees DH Giancarlo Stanton
73%
Philadelphia Phillies DH Kyle Schwarber
73%
Pittsburgh Pirates CF Oneil Cruz
73%
San Diego Padres RF Fernando Tatis Jr.
72%
Los Angeles Dodgers RF Kyle Tucker
72%
Detroit Tigers LF Riley Greene
72%
Los Angeles Dodgers CF Andy Pages
71%
Seattle Mariners SP Logan Gilbert
71%
St. Louis Cardinals C Pedro Pagés
71%
Toronto Blue Jays C Alejandro Kirk
70%
Philadelphia Phillies SP Cristopher Sánchez
70%
Atlanta Braves DH Drake Baldwin
70%
Philadelphia Phillies 3B Alec Bohm
69%
Boston Red Sox SP Garrett Crochet
69%
San Diego Padres 3B Manny Machado
69%
New York Mets 2B Marcus Semien
69%
Atlanta Braves CF Michael Harris II
69%
Kansas City Royals 1B Vinnie Pasquantino
69%
Baltimore Orioles C Adley Rutschman
68%
Texas Rangers SS Corey Seager
68%
Milwaukee Brewers C William Contreras
68%
Chicago Cubs 3B Alex Bregman
67%
Minnesota Twins CF Byron Buxton
67%
Kansas City Royals SP Cole Ragans
67%
Washington Nationals LF James Wood
67%
Houston Astros 2B Jose Altuve
67%
Philadelphia Phillies CF Justin Crawford
67%
Athletics SP Luis Severino
67%
Miami Marlins SP Sandy Alcantara
67%
Chicago Cubs CF Pete Crow-Armstrong
66%
Athletics C Shea Langeliers
66%
Athletics DH Brent Rooker
64%
Philadelphia Phillies 2B Bryson Stott
64%
Milwaukee Brewers DH Christian Yelich
64%
Athletics RF Lawrence Butler
64%
New York Mets CF Luis Robert Jr.
64%
Cleveland Guardians LF Steven Kwan
64%
Los Angeles Angels SS Zach Neto
64%
Chicago Cubs SS Dansby Swanson
63%
San Francisco Giants SP Logan Webb
63%
Boston Red Sox LF Roman Anthony
63%
Houston Astros C Yainer Diaz
63%
Tampa Bay Rays DH Yandy Díaz
63%
Cincinnati Reds DH Eugenio Suárez
62%
Seattle Mariners LF Randy Arozarena
62%
New York Yankees 3B Ryan McMahon
62%
New York Yankees CF Trent Grisham
62%
Tampa Bay Rays 3B Junior Caminero
61%
Milwaukee Brewers 2B Brice Turang
60%
Arizona Diamondbacks C Gabriel Moreno
60%
Houston Astros SP Hunter Brown
60%
Detroit Tigers SS Javier Báez
60%
Minnesota Twins SP Joe Ryan
60%
New York Mets 1B Jorge Polanco
60%
San Francisco Giants DH Rafael Devers
60%
Pittsburgh Pirates 2B Brandon Lowe
59%
Boston Red Sox DH Jarren Duran
59%
Los Angeles Angels LF Josh Lowe
59%
San Francisco Giants RF Jung Hoo Lee
59%
Toronto Blue Jays SP Kevin Gausman
59%
Los Angeles Angels C Logan O’Hoppe
59%
Arizona Diamondbacks 3B Nolan Arenado
59%
Arizona Diamondbacks CF Alek Thomas
58%
Detroit Tigers 1B Spencer Torkelson
58%
Minnesota Twins SS Brooks Lee
57%
Chicago White Sox SS Colson Montgomery
57%
Kansas City Royals CF Lane Thomas
57%
Boston Red Sox SS Trevor Story
57%
New York Mets DH Brett Baty
56%
Washington Nationals SS CJ Abrams
56%
San Diego Padres CF Jackson Merrill
56%
Chicago White Sox 1B Munetaka Murakami
56%
Texas Rangers SP Nathan Eovaldi
56%
Chicago Cubs 2B Nico Hoerner
56%
San Francisco Giants SS Willy Adames
56%
Los Angeles Angels RF Jo Adell
55%
San Diego Padres SS Xander Bogaerts
55%
Philadelphia Phillies LF Brandon Marsh
54%
Colorado Rockies SS Ezequiel Tovar
54%
Toronto Blue Jays DH George Springer
54%
Athletics 2B Jeff McNeil
54%
Atlanta Braves C Jonah Heim
54%
New York Yankees SS José Caballero
54%
San Francisco Giants 3B Matt Chapman
54%
Cincinnati Reds SP Andrew Abbott
53%
Seattle Mariners 3B Brendan Donovan
53%
Houston Astros SS Carlos Correa
53%
Colorado Rockies C Hunter Goodman
53%
San Francisco Giants C Patrick Bailey
53%
Toronto Blue Jays 2B Ernie Clement
52%
Los Angeles Angels DH Jorge Soler
52%
Colorado Rockies SP Kyle Freeland
52%
San Francisco Giants 2B Luis Arraez
52%
Pittsburgh Pirates DH Marcell Ozuna
52%
Los Angeles Dodgers 2B Miguel Rojas
52%
Miami Marlins SS Otto Lopez
52%
Toronto Blue Jays SS Andrés Giménez
51%
St. Louis Cardinals SS Masyn Winn
51%
Chicago Cubs 1B Michael Busch
51%
Boston Red Sox CF Ceddanne Rafaela
50%
San Diego Padres 2B Jake Cronenworth
50%
Cleveland Guardians SP Tanner Bibee
50%
Athletics LF Tyler Soderstrom
50%
Texas Rangers CF Wyatt Langford
50%
Texas Rangers RF Brandon Nimmo
49%
Toronto Blue Jays CF Daulton Varsho
49%
Chicago Cubs LF Ian Happ
49%
Boston Red Sox RF Wilyer Abreu
49%
Chicago White Sox DH Andrew Benintendi
48%
Tampa Bay Rays SS Carson Williams
48%
Cincinnati Reds 3B Ke’Bryan Hayes
48%
Chicago Cubs SP Matthew Boyd
48%
Tampa Bay Rays CF Cedric Mullins
47%
Kansas City Royals 2B Jonathan India
47%
Baltimore Orioles SP Trevor Rogers
47%
Toronto Blue Jays RF Addison Barger
46%
Pittsburgh Pirates LF Bryan Reynolds
46%
Athletics CF Denzel Clarke
46%
Texas Rangers 3B Josh Jung
46%
Detroit Tigers RF Kerry Carpenter
46%
Detroit Tigers C Dillon Dingler
45%
Detroit Tigers 2B Gleyber Torres
45%
Milwaukee Brewers SP Jacob Misiorowski
45%
Texas Rangers 1B Jake Burger
45%
Los Angeles Angels 1B Nolan Schanuel
45%
Chicago Cubs C Carson Kelly
44%
Seattle Mariners 2B Cole Young
44%
Washington Nationals CF Jacob Young
44%
Los Angeles Angels SP José Soriano
44%
Toronto Blue Jays 3B Kazuma Okamoto
44%
Minnesota Twins 3B Royce Lewis
44%
Cincinnati Reds LF Spencer Steer
44%
Baltimore Orioles LF Taylor Ward
44%
Cincinnati Reds C Tyler Stephenson
44%
St. Louis Cardinals 2B JJ Wetherholt
43%
Washington Nationals C Keibert Ruiz
43%
Boston Red Sox 3B Caleb Durbin
42%
Pittsburgh Pirates C Henry Davis
42%
Miami Marlins 2B Xavier Edwards
42%
Milwaukee Brewers 1B Andrew Vaughn
41%
Arizona Diamondbacks 1B Carlos Santana
41%
San Francisco Giants LF Heliot Ramos
41%
Detroit Tigers 3B Kevin McGonigle
41%
Atlanta Braves SS Mauricio Dubón
41%
Milwaukee Brewers RF Sal Frelick
41%
New York Mets RF Carson Benge
40%
Cleveland Guardians RF Chase DeLauter
40%
Baltimore Orioles CF Colton Cowser
40%
Cincinnati Reds 2B Matt McLain
40%
Chicago White Sox 3B Miguel Vargas
40%
Minnesota Twins C Ryan Jeffers
40%
Cincinnati Reds 1B Sal Stewart
40%
Cincinnati Reds CF TJ Friedl
40%
Colorado Rockies CF Brenton Doyle
39%
Atlanta Braves LF Eli White
39%
Houston Astros 3B Isaac Paredes
39%
St. Louis Cardinals DH Iván Herrera
39%
Tampa Bay Rays 1B Jonathan Aranda
39%
San Diego Padres SP Nick Pivetta
39%
Minnesota Twins LF Austin Martin
38%
San Francisco Giants CF Harrison Bader
38%
Boston Red Sox C Carlos Narváez
37%
Los Angeles Angels 3B Yoán Moncada
37%
St. Louis Cardinals 1B Alec Burleson
36%
Milwaukee Brewers SS Joey Ortiz
36%
Seattle Mariners RF Luke Raley
36%
Baltimore Orioles DH Samuel Basallo
36%
Baltimore Orioles RF Tyler O’Neill
36%
St. Louis Cardinals CF Victor Scott II
36%
Chicago White Sox 2B Chase Meidroth
35%
Chicago White Sox C Edgar Quero
35%
St. Louis Cardinals SP Matthew Liberatore
34%
Washington Nationals SP Cade Cavalli
33%
Tampa Bay Rays SP Drew Rasmussen
33%
Cleveland Guardians 2B Brayan Rocchio
32%
Kansas City Royals DH Carter Jensen
31%
Baltimore Orioles 3B Coby Mayo
31%
San Diego Padres 1B Gavin Sheets
31%
Milwaukee Brewers CF Garrett Mitchell
30%
Minnesota Twins 2B Luke Keaschall
30%
Chicago Cubs DH Moisés Ballesteros
30%
St. Louis Cardinals 3B Nolan Gorman
30%
Detroit Tigers CF Parker Meadows
30%
Texas Rangers DH Andrew McCutchen
29%
Chicago White Sox LF Austin Hays
28%
Detroit Tigers DH Colt Keith
28%
Texas Rangers C Danny Jansen
28%
Seattle Mariners DH Dominic Canzone
28%
Colorado Rockies LF Jake McCarthy
28%
Chicago Cubs RF Matt Shaw
28%
Toronto Blue Jays LF Nathan Lukes
28%
Cleveland Guardians 1B Rhys Hoskins
28%
Baltimore Orioles 2B Blaze Alexander
27%
Cleveland Guardians SS Gabriel Arias
27%
Pittsburgh Pirates SS Jared Triolo
27%
Minnesota Twins RF Matt Wallner
27%
Washington Nationals 3B Brady House
26%
San Francisco Giants 1B Casey Schmitt
26%
Boston Red Sox 2B Isiah Kiner-Falefa
26%
Cleveland Guardians DH Kyle Manzardo
26%
Pittsburgh Pirates 3B Nick Gonzales
26%
San Diego Padres LF Ramón Laureano
26%
Miami Marlins 1B Connor Norby
25%
San Diego Padres C Freddy Fermin
25%
Colorado Rockies RF Jordan Beck
25%
Miami Marlins DH Owen Caissie
25%
Kansas City Royals LF Isaac Collins
23%
Houston Astros CF Jake Meyers
23%
Los Angeles Angels 2B Oswald Peraza
22%
Pittsburgh Pirates 1B Spencer Horwitz
22%
Miami Marlins CF Jakob Marsee
21%
Seattle Mariners SS Leo Rivas
21%
Washington Nationals 2B Nasim Nuñez
20%
Colorado Rockies 2B Willi Castro
20%
Milwaukee Brewers 3B David Hamilton
19%
Washington Nationals DH Daylen Lile
19%
Arizona Diamondbacks LF Jordan Lawlar
19%
Tampa Bay Rays C Nick Fortes
19%
Houston Astros LF Joey Loperfido
18%
Colorado Rockies 1B TJ Rumfield
18%
Tampa Bay Rays 2B Ben Williamson
17%
Milwaukee Brewers LF Jake Bauers
17%
Washington Nationals RF Joey Wiemer
17%
St. Louis Cardinals LF Nathan Church
16%
Colorado Rockies DH Edouard Julien
15%
Miami Marlins 3B Javier Sanoja
14%
Tampa Bay Rays RF Jonny DeLuca
14%
San Diego Padres DH Miguel Andujar
14%
Washington Nationals 1B Andrés Chaparro
13%
Colorado Rockies 3B Kyle Karros
13%
Minnesota Twins 1B Victor Caratini
12%
Miami Marlins RF Austin Slater
11%
Texas Rangers LF Sam Haggerty
11%
Cleveland Guardians CF Daniel Schneemann
9%
Chicago White Sox RF Everson Pereira
8%
Tampa Bay Rays LF Ryan Vilade
8%
No matching quizzes found
Score Distribution
Percent of People with Each Score
Percentile by Number Answered
Your Score History
You have not taken this quiz